| 000 | 00826nam a22003017a 4500 | ||
|---|---|---|---|
| 003 | CHAP | ||
| 005 | 20220329134201.0 | ||
| 008 | 971013s1953 r 00010 d | ||
| 010 | _a16658 | ||
| 011 | _a17630 | ||
| 035 | _a21713 | ||
| 040 | _cCHAP | ||
| 082 |
_a634.5 _bH6 1953 |
||
| 100 | 0 | 0 |
_aHowes, Frank Norman. _956509 |
| 245 | _aNuts, their production and everyday uses | ||
| 250 | _a2 ed. | ||
| 260 |
_aLondon : _bFaber and Faber, _c1953 |
||
| 300 |
_a264 p. _b: ilus. |
||
| 500 | _aFotocopia | ||
| 590 |
_aBATCH-UPD _b10 _c20130110 _lUCH01 _h1057 |
||
| 590 |
_aCONVERSION _b10 _c20130109 _lUCH01 _h1310 |
||
| 650 | 1 | 4 |
_aNogal. _981544 |
| 650 | 1 | 4 |
_aNuez. _982170 |
| 650 | 1 | 4 |
_aPistacho. _988567 |
| 901 | _aBK | ||
| 942 | _cLIBRO | ||
| 949 |
_a634.5 H6 1953 _bBC _cLIBRO _d33724000205316 _eLIBRO _h59915 _i21713 _mD _si |
||
| 999 |
_c16658 _d16658 |
||